Aeropuertos con más pasajeros de Francia - Estadísticas

Estadísticas generales
  • Esta prueba ha sido intentada 78 veces
  • La puntuación promedio es 16 de 30
Estadísticas de respuestas
# Aeropuerto IATA % Correcto
11.7 m Lyon LYS
100%
3.98 m París Beauvais BVA
100%
76.2 m París Charles de Gaulle CDG
100%
31.9 m París Orly ORY
100%
10.2 m Marsella / Provenza MRS
98%
2.19 m Lille LIL
88%
1.30 m Estrasburgo SXB
86%
7.70 m Burdeos BOD
85%
14.5 m Niza NCE
85%
9.62 m Toulouse TLS
85%
7.23 m Nantes NTE
74%
1.94 m Montpellier MPL
62%
852 k Rennes RNS
53%
1.24 m Brest Bretaña BES
52%
1.62 m Ajaccio AJA
45%
1.07 m Biarritz BIQ
41%
447 k Perpiñán PGF
36%
2.49 m Reunión RUN
35%
606 k Pau PUF
33%
507 k Tolón TLN
32%
1.56 m Bastia BIA
30%
2.49 m Guadalupe PTP
29%
9.09 m Mulhouse / Basilea / Friburgo MLH
26%
2.05 m Martinica FDF
24%
1.47 m Tahití Fa'a'ā PPT
23%
566 k Nouméa La Tontouta NOU
21%
465 k Nouméa Magenta GEA
21%
466 k Tarbes / Lourdes LDE
18%
559 k Cayena CAY
15%
749 k Figari FSC
9%
No se encontraron pruebas coincidentes
Distribución de puntuación
Porcentaje de gente con cada puntuación
Porcentaje por número respondido
Historial de tus puntuaciones
No has intentado esta prueba.